Psicología y organización (Record no. 155651)

MARC details
000 -LEADER
fixed length control field 00713nam a22002177a 4500
005 - DATE AND TIME OF LATEST TRANSACTION
control field 20210430095358.0
008 - FIXED-LENGTH DATA ELEMENTS--GENERAL INFORMATION
fixed length control field 210430b cr ||||| |||| 00| 0 spa d
020 ## - INTERNATIONAL STANDARD BOOK NUMBER
International Standard Book Number 9977650500
050 04 - LIBRARY OF CONGRESS CALL NUMBER
Classification number HT690.C8
Item number C67 1992
100 1# - MAIN ENTRY--PERSONAL NAME
Personal name Coronado Guardía, Gabriel
245 10 - TITLE STATEMENT
Title Psicología y organización
Statement of responsibility, etc / Gabriel Coronado Guardía, María Eugenia Pérez Bonilla
250 ## - EDITION STATEMENT
Edition statement 1a ed.
260 ## - PUBLICATION, DISTRIBUTION, ETC. (IMPRINT)
Place of publication, distribution, etc Costa Rica :
Name of publisher, distributor, etc Euna,
Date of publication, distribution, etc 1992
300 ## - PHYSICAL DESCRIPTION
Extent 144 p. :
Other physical details il. ;
Dimensions 21 cm.
490 0# - SERIES STATEMENT
Series statement Guayabo
504 ## - BIBLIOGRAPHY, ETC. NOTE
Bibliography, etc Bibliografía : p. 139-142
651 #7 - SUBJECT ADDED ENTRY--GEOGRAPHIC NAME
Source of heading or term lemb
Geographic subdivision Costa Rica
Geographic name Clase media
General subdivision Estadística
651 #7 - SUBJECT ADDED ENTRY--GEOGRAPHIC NAME
Source of heading or term lemb
Geographic subdivision Costa Rica
Geographic name Clase media
General subdivision Actitudes
700 1# - ADDED ENTRY--PERSONAL NAME
Personal name Pérez Bonilla, María Eugenia
942 ## - ADDED ENTRY ELEMENTS (KOHA)
Source of classification or shelving scheme Biblioteca del Cogreso de los Estados Unidos
Koha item type Libro
Holdings
Estado de pérdida Fuente de clasificación Estado del daño No para préstamo Ubicación permanente Ubicación actual Apartado o colección Fecha de adquisición Edición Dependencia de educación superior (DES) Área del conocimiento Total Checkouts Clasificación Código de Barras Date last seen Número de copia Costo por reposición Tipo de recurso
  Biblioteca del Cogreso de los Estados Unidos     Biblioteca del Posgrado en Derecho Biblioteca del Posgrado en Derecho Colección Ernesto Villanueva 30/04/2021 1a ed. Derecho Ciencias Sociales y Administrativas   HT690.C8 C67 1992 BPD000001620 30/04/2021 1 1.00 Libro